|
|
|
|
| LEADER |
00649cam a2200217 7i4500 |
| 001 |
0000049695 |
| 005 |
20151104090000.0 |
| 005 |
##20151104163700.0 |
| 003 |
##MY-KlINT |
| 020 |
# |
# |
|a 9833372724
|
| 039 |
# |
9 |
|y 201511041637
|z VLOAD
|
| 090 |
0 |
0 |
|a 153.42
|b AIN
|
| 100 |
1 |
# |
|a Ainon Muhammad
|
| 245 |
0 |
0 |
|a Kuasa berfikir kreatif :
|b teknik menyelesaikan masalah secara kreatif /
|c Ainon Mohd.,Abdullah Hassan.
|
| 260 |
# |
# |
|a Bentong, Pahang:
|b PTS Millennia,
|c 2005.
|
| 300 |
# |
# |
|a vii,257ms:
|b il;
|c 23cm.
|
| 650 |
# |
0 |
|a Thought and thinking
|
| 650 |
# |
0 |
|a Creative thinking
|
| 650 |
# |
0 |
|a Critical thinking
|
| 650 |
# |
0 |
|a Problem solving
|
| 700 |
0 |
# |
|a Abdullah Hassan
|